Collective responses to regional problems: the case of Latin America and Caribbean

保存先:
書誌詳細
主要な著者: Kaysen, Carl (著者), Pastor, Robert A (著者), Reed, Laura W (著者)
フォーマット: 図書
言語:英語
出版事項: Cambridge American Academy of Arts and Sciences 1994
主題:
タグ: タグ追加
タグなし, このレコードへの初めてのタグを付けませんか!

MARC

LEADER 00000nam a2200000 a 4500
001 UCO8026
003 CL-VaPUC
008 001124e19940000US |||||||||||||||||eng|d
082 0 4 |a 327.807286  |b KAY  |2 21 
100 0 |a Kaysen, Carl  |e author  |9 452863 
700 0 |a Pastor, Robert A  |e author  |9 452864 
700 0 |a Reed, Laura W  |e author  |9 452865 
245 1 0 |a Collective responses to regional problems: the case of Latin America and Caribbean 
300 |a 117 p 
942 |c BK 
945 |d 20001124 00:00:00  |a crobeson 
260 |a Cambridge  |b American Academy of Arts and Sciences  |c 1994 
500 |a Donación del profesor Manfred Wilhelmy von Wolff 
650 0 |a Relaciones Internacionales  |9 255740 
650 0 |a Seguridad internacional  |9 256547 
650 0 |a Derechos humanos  |9 223025 
650 0 |a Diplomacia  |9 256483 
651 0 |a América Latina   |9 255027 
651 0 |a América Central  |9 255026 
583 |a last modification  |c 20001124 00:00:00  |k Rodrigo Vera 
999 |c 292837  |d 292835 
952 |0 0  |1 0  |4 0  |6 327_807286000000000_KAY_1994  |7 0  |8 A  |9 343911  |a BIBHIS  |b BIBHIS  |d 2019-11-20  |i 1235486  |o 327.807286 KAY 1994  |p 1235486  |r 2025-01-20  |w 2019-11-20  |y BK  |k HIS